书目信息 |
| 题名: |
组织和细胞培养技术
|
|
| 作者: | 章静波 主编 | |
| 分册: | ||
| 出版信息: | 北京 人民卫生出版社 2014.06 |
|
| 页数: | 20, 281页 | |
| 开本: | 28cm | |
| 丛书名: | 科研人员核心能力提升导引丛书 | |
| 单 册: | ||
| 中图分类: | Q813.1 | |
| 科图分类: | ||
| 主题词: | 组织培养--zu zhi pei yang--研究生--教材 , 细胞培养--xi bao pei yang--研究生--教材 , 组织培养--zu zhi pei yang , 细胞培养--xi bao pei yang | |
| 电子资源: | ||
| ISBN: | 978-7-117-18892-0 | |
| 000 | 01476nam 2200337 450 | |
| 001 | 0106081744 | |
| 005 | 20201109081807.38 | |
| 010 | @a978-7-117-18892-0@dCNY63.00 | |
| 100 | @a20140903e20192014em y0chiy50 ea | |
| 101 | 0 | @achi |
| 102 | @aCN@b110000 | |
| 105 | @aa z 001yy | |
| 106 | @ar | |
| 200 | 1 | @a组织和细胞培养技术@Azu zhi he xi bao pei yang ji shu@dTissue and cell culture techniques@f章静波主编@zeng |
| 205 | @a3版 | |
| 210 | @a北京@c人民卫生出版社@d2014.06@h2019.11 | |
| 215 | @a20, 281页@c图@d28cm@e1光盘 | |
| 225 | 2 | @a科研人员核心能力提升导引丛书@Ake yan ren yuan he xin neng li ti sheng dao yin cong shu |
| 300 | @a国家卫生和计划生育委员会“十二五”规划教材全国高等医药教材建设研究会“十二五”规划教材供研究生及科研人员用 | |
| 307 | @a附光盘:ISBN 978-7-89456-606-5 | |
| 330 | @a本书共分14章,主要内容包括细胞培养的基本条件、细胞培养的基本技术、体外培养的基本组织、细胞建系和鉴定、细胞周期与细胞克隆化技术、器官培养、干细胞的培养、细胞培养在细胞分化研究中的应用、细胞融合与单克隆抗体制备等。 | |
| 461 | 0 | @12001 @a科研人员核心能力提升导引丛书 |
| 510 | 1 | @aTissue and cell culture techniques@zeng |
| 606 | 0 | @a组织培养@Azu zhi pei yang@x研究生@j教材 |
| 606 | 0 | @a细胞培养@Axi bao pei yang@x研究生@j教材 |
| 606 | 0 | @a组织培养@Azu zhi pei yang |
| 606 | 0 | @a细胞培养@Axi bao pei yang |
| 690 | @aQ813.1@v5 | |
| 701 | 0 | @a章静波@Azhang jing bo@f(1938~)@4主编 |
| 801 | 0 | @aCN@bBJSZM@c20201106 |
| 905 | @b1190652-5@dQ813.1@e254=3@f4 | |
| 组织和细胞培养技术=Tissue and cell culture techniques/章静波主编.-3版.-北京:人民卫生出版社,2014.06(2019.11) |
| 20, 281页:图;28cm+1光盘.-(科研人员核心能力提升导引丛书) |
| 国家卫生和计划生育委员会“十二五”规划教材全国高等医药教材建设研究会“十二五”规划教材供研究生及科研人员用 |
| ISBN 978-7-117-18892-0:CNY63.00 |
| 本书共分14章,主要内容包括细胞培养的基本条件、细胞培养的基本技术、体外培养的基本组织、细胞建系和鉴定、细胞周期与细胞克隆化技术、器官培养、干细胞的培养、细胞培养在细胞分化研究中的应用、细胞融合与单克隆抗体制备等。 |
| ● |
| 相关链接 |
|
|
|
|
正题名:组织和细胞培养技术
索取号:Q813.1/254=3
 
预约/预借
| 序号 | 登录号 | 条形码 | 馆藏地/架位号 | 状态 | 备注 |
| 1 | 1190652 | 211906525 | 第二样本阅览室/ [索取号:Q813.1/254=3] | 在馆 | |
| 2 | 1190653 | 211906534 | 第三借阅区/ [索取号:Q813.1/254=3] | 在馆 | |
| 3 | 1190654 | 211906543 | 第三借阅区/ [索取号:Q813.1/254=3] | 在馆 | |
| 4 | 1190655 | 211906552 | 第三借阅区/ [索取号:Q813.1/254=3] | 在馆 |